000 00194 a2200073 4500
082 _a363.125 ROA
245 _aRoadway Safety Foundation: Roadway Safety Guide /
300 _aiii, 77p. :
_bill. ;
_c30 cm
650 _aRoadway Safety
999 _c2281
_d2281